| 000 | 01651cam a2200265 4500500 | ||
|---|---|---|---|
| 005 | 20260524000253.0 | ||
| 041 | _afre | ||
| 042 | _adc | ||
| 100 | 1 | 0 |
_aRobinson, Joann L. _eauthor |
| 700 | 1 | 0 |
_aKelsay, Kimberly J. _eauthor |
| 700 | 1 | 0 |
_aLe Houezec-Jacquemain, Frédérique _eauthor |
| 245 | 0 | 0 | _aLe complément d'histoires de MacArthur : un nouvel outil d'évaluation |
| 260 | _c2002. | ||
| 500 | _a62 | ||
| 520 | _aRésuméCe travail décrit la technique, sur le plan théorique et pratique, de la batterie d’histoires à compléter de MacArthur. Il décrit les diverses modalités de cotation. Il donne un aperçu de l’histoire de cet instrument et de ses développements. Des applications nouvelles et les développements possibles sont indiqués. Cet outil joue un rôle important dans l’évaluation de la régulation émotionnelle, tant en recherche qu’en clinique. | ||
| 520 | _aThis paper describes the technical and theoretical background of the McArthur Battery Story Stem. It describes the several rating schemes and gives a glance on its historical background and developments. Some new applications and possible developments are emphasised. This tool does play an important role in the assessment of emotional regulation, both for research and clinical purposes. | ||
| 690 | _aevaluation | ||
| 690 | _anarration | ||
| 690 | _arégulation émotionnelle | ||
| 690 | _aassessment | ||
| 690 | _aemotional regulation | ||
| 690 | _anarrative | ||
| 786 | 0 | _nDevenir | 14 | 4 | 2002-12-01 | p. 401-414 | 1015-8154 | |
| 856 | 4 | 1 | _uhttps://stm.cairn.info/revue-devenir-2002-4-page-401?lang=fr&redirect-ssocas=7080 |
| 999 |
_c2249105 _d2249105 |
||